Southville International School and Colleges

五色石 (Record no. 258334)

000 -LEADER
fixed length control field 00675cam a22002413a 4500
001 - CONTROL NUMBER
control field 29079
003 - CONTROL NUMBER IDENTIFIER
control field PGUSA
005 - DATE AND TIME OF LATEST TRANSACTION
control field 20140828083629.0
008 - FIXED-LENGTH DATA ELEMENTS--GENERAL INFORMATION
fixed length control field 090609s2009||||xxu|||||s|||||000 1 eng d
040 ## - CATALOGING SOURCE
Original cataloging agency PGUSA
Language of cataloging eng
042 ## - AUTHENTICATION CODE
Authentication code dc
050 #4 - LIBRARY OF CONGRESS CALL NUMBER
Classification number PL
100 1# - MAIN ENTRY--PERSONAL NAME
Personal name Wuseshizhuren, ju ren 1738
245 10 - TITLE STATEMENT
Title 五色石
Medium [electronic resource] /
Statement of responsibility, etc ju ren 1738 Wuseshizhuren
260 ## - PUBLICATION, DISTRIBUTION, ETC. (IMPRINT)
Name of publisher, distributor, etc Project Gutenberg,
Date of publication, distribution, etc 2009
506 ## - RESTRICTIONS ON ACCESS NOTE
Terms governing access Public domain in the USA.
516 ## - TYPE OF COMPUTER FILE OR DATA NOTE
Type of computer file or data note Electronic text
653 ## - INDEX TERM--UNCONTROLLED
Uncontrolled term Chinese fiction -- Qing dynasty, 1644-1912
740 0# - ADDED ENTRY--UNCONTROLLED RELATED/ANALYTICAL TITLE
Uncontrolled related/analytical title Wu Se Shi
830 #0 - SERIES ADDED ENTRY--UNIFORM TITLE
Uniform title Project Gutenberg
Volume number/sequential designation 29079
856 40 - ELECTRONIC LOCATION AND ACCESS
Uniform Resource Identifier http://www.gutenberg.org/ebooks/29079
942 ## - ADDED ENTRY ELEMENTS (KOHA)
Koha item type eBooks
Holdings
Current Location Price effective from Permanent Location Lost status Koha item type Date acquired Damaged status Withdrawn status Date last seen
Project Gutenberg2014-08-28Project Gutenberg eBooks2014-08-28  2014-08-28
Powered by Koha